NBA 2024-2025 All NBA players that have 25+ PPG - Statistics

General Stats
  • This quiz has been taken 825 times
  • The average score is 13 of 14
Answer Stats
Team Answer % Correct
Bucks Giannis Antetokounmpo
100%
Mavericks Luka Doncic
100%
Suns Kevin Durant
99%
Nuggets Nikola Jokic
99%
Lakers Anthony Davis
98%
Timberwolves Anthony Edwards
98%
Mavericks Kyrie Irving
98%
Thunder Shai Gilgeous-Alexander
98%
Bucks Damian Lillard
97%
Knicks Jalen Brunson
97%
Hornets LaMelo Ball
97%
Magic Paolo Banchero
95%
76ers Tyrese Maxey
95%
Clippers Norman Powell
75%
No matching quizzes found
Score Distribution
Percent of People with Each Score
Percentile by Number Answered
Your Score History
You have not taken this quiz